The revelation (probe) hindu gods and goddesses : (Record no. 124246)
[ view plain ]
| 000 -LEADER | |
|---|---|
| fixed length control field | 00781nam a22002297a 4500 |
| 005 - DATE AND TIME OF LATEST TRANSACTION | |
| control field | 20170124105936.0 |
| 010 ## - LIBRARY OF CONGRESS CONTROL NUMBER | |
| LC control number | B-209628 |
| 020 ## - INTERNATIONAL STANDARD BOOK NUMBER | |
| Terms of availability | 250.00 |
| International Standard Book Number | 8175370803 |
| 035 ## - SYSTEM CONTROL NUMBER | |
| System control number | B-209628 |
| 037 ## - SOURCE OF ACQUISITION | |
| Source of stock number/acquisition | Cen Lib/Ret |
| 040 ## - CATALOGING SOURCE | |
| Original cataloging agency | DPL |
| Language of cataloging | EN |
| 082 ## - DEWEY DECIMAL CLASSIFICATION NUMBER | |
| Classification number | 230.31 |
| 100 ## - MAIN ENTRY--PERSONAL NAME | |
| Personal name | Sharma,Pandit Hari Prakash |
| 9 (RLIN) | 9947 |
| 245 ## - TITLE STATEMENT | |
| Title | The revelation (probe) hindu gods and goddesses : |
| Statement of responsibility, etc | by Pandit Hari Prakash Sharma,edited by Vinod kumar Mehra |
| Remainder of title | divinities or personifications / |
| 260 ## - PUBLICATION, DISTRIBUTION, ETC. (IMPRINT) | |
| Place of publication, distribution, etc | Chandigarh |
| Name of publisher, distributor, etc | Vishvas publications |
| Date of publication, distribution, etc | 00? |
| 270 ## - ADDRESS | |
| Address | 167,Indl. area phase 2 |
| City | Chandigarh |
| Postal code | 160002 |
| 300 ## - PHYSICAL DESCRIPTION | |
| Extent | xvi,270p. : |
| Dimensions | 21cm(Hb) |
| Other physical details | ill. |
| 650 ## - SUBJECT ADDED ENTRY--TOPICAL TERM | |
| Topical term or geographic name as entry element | Hindu- religion |
| 9 (RLIN) | 9948 |
| 650 ## - SUBJECT ADDED ENTRY--TOPICAL TERM | |
| Topical term or geographic name as entry element | Hinduism |
| 9 (RLIN) | 9949 |
| 700 ## - ADDED ENTRY--PERSONAL NAME | |
| Personal name | Mehra,Vinod kumar |
| 9 (RLIN) | 9950 |
| 942 ## - ADDED ENTRY ELEMENTS (KOHA) | |
| Source of classification or shelving scheme | Dewey Decimal Classification |
| Koha item type | English Books |
| Classification part | 230.31 |
| Call number suffix | SHA |
| Withdrawn status | Lost status | Damaged status | Not for loan | Home library | Current library | Date acquired | Source of acquisition | Cost, normal purchase price | Total Checkouts | Full call number | Barcode | Date last seen | Date checked out | Copy number | Cost, replacement price | Price effective from | Koha item type |
|---|---|---|---|---|---|---|---|---|---|---|---|---|---|---|---|---|---|
| Central Library | Central Library | 15/06/2015 | Cen Lib/Ret | 250.00 | 1 | 230.31 SHA | B-209628 | 02/11/2017 | 14/10/2017 | 1 | 250.00 | 15/06/2015 | English Books |
